000 00222 a2200097 4500
001 46995
100 _aMiksche F
245 _aThe Failure of Atomic Strategy
260 _aLondon
_bFaber & Faber
_c
090 _c30064
_d30064
942 _aNUST-CAE
_cM
_c22297
999 _c282068
_d282068